000 00309nam a22001457a 4500
003 SGT
020 _a978-81-8191-329-6
082 _a612
_bM11G
100 _aGEETHA, N
245 _aMCQs IN PHYSIOLOGY
260 _aNEW DELHI
_bPARAS MEDICAL
_c2013
300 _a252
650 _aPHYSILOGY
942 _2ddc
_cBK
999 _c10072
_d10072